Statistics for Většina úhozů na klávesnici – 15 sekundový sprint

Click here to take the quiz!

General Stats

  • This quiz has been taken 1 167 times
  • The average score is 51 of 160

Answer Stats

#% Correct
1
99%
2
96%
3
88%
4
87%
5
86%
6
83%
7
83%
8
83%
10
81%
9
81%
11
80%
12
79%
13
76%
14
75%
15
74%
16
73%
17
72%
18
72%
19
72%
20
71%
21
71%
22
70%
23
70%
24
69%
25
68%
26
66%
27
65%
28
64%
29
61%
30
60%
31
58%
32
57%
33
55%
34
52%
35
50%
36
50%
37
49%
38
49%
39
47%
40
47%
41
46%
42
45%
43
44%
44
43%
45
43%
46
42%
47
42%
48
42%
49
40%
50
40%
51
40%
52
40%
53
39%
54
38%
55
37%
56
37%
57
36%
58
36%
59
35%
60
34%
61
34%
62
33%
63
32%
64
31%
65
31%
66
31%
67
31%
68
31%
69
30%
70
30%
71
30%
72
29%
73
28%
74
28%
75
27%
76
27%
77
27%
78
26%
79
25%
80
25%
81
25%
82
24%
83
24%
84
23%
85
23%
86
23%
87
23%
88
23%
89
23%
90
21%
91
20%
92
19%
93
19%
94
19%
95
18%
96
18%
97
18%
98
18%
99
18%
100
17%
101
17%
102
17%
103
16%
104
16%
105
16%
106
16%
107
15%
108
15%
109
15%
110
15%
111
14%
112
14%
113
13%
114
12%
115
11%
116
11%
117
11%
118
11%
119
11%
120
11%
121
11%
122
11%
123
10%
124
10%
125
10%
126
10%
127
9%
128
9%
129
7%
130
7%
131
7%
132
6%
133
6%
134
6%
135
6%
136
6%
137
5%
138
5%
139
5%
140
5%
141
5%
142
5%
143
5%
144
5%
145
4%
146
4%
147
3%
148
3%
149
3%
150
3%
151
2%
152
2%
153
2%
154
2%
155
2%
156
2%
157
2%
158
2%
159
2%
160
2%

Score Distribution

Percentile by Number Answered

Percent of People with Each Score

Your Score History

You have not taken this quiz